000 00584nam a2200229Ia 4500
003 OSt
005 20220918211636.0
006 a|||||r|||| 00| 0
007 ta
008 220917b |||||||| |||| 00| 0 eng d
024 _a125,059
037 _cTextual
040 _aARTS
_cARTS
_beng
041 _2eng
_aeng
082 _aW:914, K2
100 _aBoulding Kenneth E
_97238
245 0 _aConflict and defense
_b a general theory
260 _c1962
650 _aPOLITICAL SCIENCE
942 _hW:914, K2
_cTEXL
_2CC
999 _c248244
_d248244